000 00969nam a2200229Ia 4500
003 IN-BaIIA
008 211028s9999 xx 000 0 eng d
020 _a0-8194-0279-6
040 _cIIA Library
080 _a535(082.1)
_bSPI-1235
111 _aSociety of Photo-Optical Instrumentation Engineers Conference
_cArizona
_d1990 Feb 13-17
_917936
245 0 _aInstrumentation in astronomy
_bVII, pt. 1, proceedings of the SPIE held in Tucson, Arizona from 13-17 February, 1990
_cedited by David L. Crawford
260 _aWashington
_bSociety of Photo-Optical Instrumentation Engineers
_c1990
300 _axii, 523p.
490 _aSPIE proceedings series; v. 1235
650 _aAstronomical instruments
_94304
650 _aAstronomy and Astrophysics Thesaurus
650 _aInstrumentation
_98032
700 _aCrawford, David L., ed.
_911966
710 _aSociety of Photo-optical Instrumentation Engineers
_917937
942 _cBK
999 _c10546
_d10546